| 000 | 00579nam a2200193Ii 4500 | ||
|---|---|---|---|
| 003 | JO-AjNU | ||
| 008 | 230605s9999||||xx |||||||||||||| ||und|| | ||
| 040 |
_aJO-AjNU _bara _erda _cJO-AjNU |
||
| 041 | _aara | ||
| 050 | 1 | 4 | _aQK91.A73 |
| 100 | 3 |
_aالعروسي ، حسين, _eauthor _920701 |
|
| 245 | 0 | 0 | _aالمملكة النباتية |
| 264 | 3 | 1 | _aالاسكندريه:مكتبه المعارف ، 1900 |
| 300 | _a336ص | ||
| 336 |
_atext _btxt _2rdacontent |
||
| 337 |
_aunmediated _bn _2rdamedia |
||
| 338 |
_avolume _bnc _2rdacarrier |
||
| 650 | 4 |
_aالنبات _920702 |
|
| 999 |
_aA7066 _c10634 _d10634 |
||